000 00568nam a2200181Ia 4500
001 11327
005 20260306162820.0
008 260306t2011||||xx |||||||||||||| ||spa||
041 _aESP
082 _a985.03
_bT19 V. 2
100 _aTantaleán Arbulú, Javier
_eAUT
245 0 _aEl virrey Francisco de Toledo y su tiempo:
_bproyecto de gobernabilidad, el imperio hispano, la plata peruana en la economía-mundo y el mercado colonial
260 _c2011
300 _apáginas 423 - 806 :
_c27 cm.
650 _aGEN
654 _aCHU
942 _cLIB
_dJUS
_fJUS
_2ddc
_n
999 _c11327
_d11327